The urban nation, 1920-1960 /

Bibliographic Details
Main Author: Mowry, George E. (George Edwin), 1909-1984
Format: Book
Language:English
Published: New York : Hill and Wang, [1965]
Edition:[1st ed.].
Series:Making of America.
Subjects:

MARC

Tag First Indicator Second Indicator Subfields
LEADER 00000cam a22000001 4500
001 in00000712813
005 20151016061535.0
008 711216s1965 nyub b 00010 eng
010 |a  65017423  
035 |a (OCoLC)00488076 
035 |9 ADD2698AM 
040 |a DLC  |c DLC  |d TXA  |d UtOrBLW 
043 |a n-us--- 
049 |a TXAM  |c [453054] 
050 0 0 |a E741  |b .M7 
082 0 |a 973.9 
092 |a 973.9  |b M936u 
100 1 |a Mowry, George E.  |q (George Edwin),  |d 1909-1984. 
245 1 4 |a The urban nation, 1920-1960 /  |c by George E. Mowry. 
250 |a [1st ed.]. 
264 1 |a New York :  |b Hill and Wang,  |c [1965] 
300 |a x, 278 pages :  |b maps. ;  |c 22 cm. 
336 |a text  |b txt  |2 rdacontent 
337 |a unmediated  |b n  |2 rdamedia 
338 |a volume  |b nc  |2 rdacarrier 
490 1 |a The Making of America 
504 |a "Bibliographical essay": pages 249-267. 
650 0 |a Urbanization  |z United States. 
651 0 |a United States  |x History  |y 20th century. 
830 0 |a Making of America. 
999 |a MARS 
999 f f |s fc744ea3-4ef7-3295-aa5b-011f2a7ac83b  |i e0fc8ca4-7ef4-3eb2-90b9-245211a2fd37  |t 0 
952 f f |p ric  |a Texas A&M University  |b Rellis Campus  |c Joint Library Facility  |d Remote Storage  |t 0  |e E741 M7  |h Library of Congress classification  |i unmediated -- volume  |m A14801533524 
998 f f |a E741 M7  |t 0  |l Remote Storage